000 00620nam a22001937a 4500
999 _c5662
_d5662
003 AR-CdUCM
008 190313b ||||| |||| 00| 0 spa d
040 _aMUNICIPALIDAD PROVINCIAL DEL CUSCO
_cBIBLIOTECA MUNICIPAL DEL CUSCO
082 _a985.005 /
_bD72
110 _aDocumental del Perú
_916724
245 _aArequípa /
260 _aLima :
_bioppe,
_c1967.
300 _a222 paginas ;
_c22 cm.
440 _aVulumen
_nIV
_916896
500 _aDonación de la familia Nieto
505 _aContenido : Turismo -- Historia -- Folclore -- Cultura personajes e instituciones ...
942 _2ddc
_cLIBROS
945 _arah